| 000 | 00385nam a22001577a 4500 | ||
|---|---|---|---|
| 003 | NUST - PNEC | ||
| 005 | 20170116181145.0 | ||
| 008 | 151008b xxu||||| |||| 00| 0 eng d | ||
| 040 | _cLIBRARY | ||
| 082 | _a920.355 KHA | ||
| 100 |
_914927 _aKhan, Z.A |
||
| 245 |
_aThe way it was _cZ.A Khan |
||
| 260 | _cc1998 | ||
| 650 |
_912152 _aManners and customs _xGeneral |
||
| 942 |
_2ddc _cBK |
||
| 999 |
_c70661 _d70661 |
||